000 00963nas a2200325 4500
001 BR2016000261
003 BR-BrBNA
005 20231205130038.0
007 ta
008 230509b bl.|||p| |||| 00| 00por d
040 _aBR-BrBNA
_bpor
_cBiblioteca Nacional de Agricultura
041 _a(Pt)
072 _aH10
100 1 _aLorencetti, G.A.T.
100 1 _aMazaro, S.M.
100 1 _aPotrich, M.
100 1 _aLozano, e.R.
100 1 _aBarbosa, L.R.
100 1 _aLuckmann, D.
100 1 _aDallacort, S.
245 1 _aProdutos alternativos para controle de Thaumastocoris peregrinus e indução de resistência em plantas
650 _aEUCALIPTO
650 _aPRAGA DE PLANTA
650 _aPERCEVEJO
650 _aRESISTÊNCIA
650 _aINSETICIDA
773 0 _tFloresta e Ambiente (Brazil)
_xISSN 1415-0980
_g(Oct-Dec 2015), v. 22(4) p. 541-548
_wBR2016000261
909 _a202311
_bLúcia
_c55
_dLúcia Elande
942 _2AGRIS
_n0
_cANA
999 _c247615
_d247615